ბათუმის შოთა რუსთაველის სახელმწიფო უნივერსიტეტის ბიბლიოთეკა

The Brand Therapy Book: (ბიბ.ჩანაწერი № 62291)

000 -LEADER
fixed length control field 00675nam a22001817a 4500
005 - DATE AND TIME OF LATEST TRANSACTION
control field 20240918114945.0
008 - FIXED-LENGTH DATA ELEMENTS--GENERAL INFORMATION
fixed length control field 240918s2020 enk||||| |||| 00| 0 eng d
020 ## - INTERNATIONAL STANDARD BOOK NUMBER
International Standard Book Number 9781734939705
041 ## - LANGUAGE CODE
Language code of text/sound track or separate title eng
080 ## - UNIVERSAL DECIMAL CLASSIFICATION NUMBER
Universal Decimal Classification number 339.138 G-30
100 ## - MAIN ENTRY--PERSONAL NAME
Personal name Geyrhalter, Fabian
9 (RLIN) 23237
245 ## - TITLE STATEMENT
Title The Brand Therapy Book:
Remainder of title Key branding lessons to save time and money while winning hearts and minds /
Statement of responsibility, etc. Fabian Geyrhalter
264 ## - PRODUCTION, PUBLICATION, DISTRIBUTION, MANUFACTURE, AND COPYRIGHT NOTICE
Place of production, publication, distribution, manufacture Long Beach :
Name of producer, publisher, distributor, manufacturer Brandtro Publishing,
Date of production, publication, distribution, manufacture, or copyright notice 2020.
300 ## - PHYSICAL DESCRIPTION
Extent 142 p.;
Other physical details 16 cm.
653 ## - INDEX TERM--UNCONTROLLED
keyword ბრენდინგის ძირითადი გაკვეთილები
653 ## - INDEX TERM--UNCONTROLLED
keyword ეკონომიკა
942 ## - ADDED ENTRY ELEMENTS (KOHA)
Source of classification or shelving scheme
Koha item type წიგნი
ეგზემპლარები
Withdrawn status Lost status Source of classification or shelving scheme Damaged status Not for loan Permanent Location Current Location Shelving location Date acquired Cost, normal purchase price Full call number Barcode Date last seen Copy number Price effective from Koha item type Public note
          ბათუმის შოთა რუსთაველის სახელმწიფო უნივერსიტეტის მთავარი ბიბლიოთეკა ბათუმის შოთა რუსთაველის სახელმწიფო უნივერსიტეტის მთავარი ბიბლიოთეკა წიგნსაცავი 2024-09-18 69.00 339.138 G-30 68884 2024-09-18 68884 2024-09-18 წიგნი 69 ლ.